Urban Voices and Rural Whispers: (Record no. 212817)

MARC details
000 -LEADER
fixed length control field 00793nam a2200229 4500
005 - DATE AND TIME OF LATEST TRANSACTION
control field 20250801161353.0
010 ## - LCCN (DPL NO)
LC control number ENG-146284
020 ## - INTERNATIONAL STANDARD BOOK NUMBER
International Standard Book Number 9789361632129
Terms of availability 600.00
035 ## - SYSTEM CONTROL NUMBER
System control number EN-129816
037 ## - SOURCE OF ACQUISITION
Source of stock number/acquisition DBAD
082 ## - DEWEY DECIMAL CLASSIFICATION NUMBER
Classification number 307.2
Edition number 1
245 ## - TITLE STATEMENT
Title Urban Voices and Rural Whispers:
Remainder of title Spatial Dialectics in Global Narratives/
Statement of responsibility, etc Edited By Godwin Rufus SJ; R. Princee [and] A. Maria Igatius
250 ## - EDITION STATEMENT
Edition statement 1
260 ## - PUBLICATION, DISTRIBUTION, ETC. (IMPRINT)
Place of publication, distribution, etc Tamil Nadu
Name of publisher, distributor, etc Shanlax Publications
Date of publication, distribution, etc 2025
270 ## - ADDRESS
Address 61,66 T.P.K. Main Road Vasantha Nagar.
City Tamil Nadu
Postal code 625003
Electronic mail address shanlaxpublications.com
300 ## - PHYSICAL DESCRIPTION
Extent 217p.
Dimensions 25cm(pb)
490 ## - SERIES STATEMENT
Volume number/sequential designation 1
700 ## - ADDED ENTRY--PERSONAL NAME
Personal name Godwin Rufus SJ
Relator term Editor
9 (RLIN) 83640
700 ## - ADDED ENTRY--PERSONAL NAME
Personal name R. Princee
Relator term Editor
9 (RLIN) 83641
700 ## - ADDED ENTRY--PERSONAL NAME
Personal name A. Maria Igatius
Relator term Editor
9 (RLIN) 83642
942 ## - ADDED ENTRY ELEMENTS (KOHA)
Source of classification or shelving scheme Dewey Decimal Classification
Item type English Books
Classification part 307.2
Call number suffix URB
Holdings
Withdrawn status Lost status Materials specified (bound volume or other part) Not for loan Collection code Home library Current library Date acquired Source of acquisition Cost, normal purchase price Full call number Barcode Copy number Cost, replacement price Koha item type
    VOL-1 Not For Loan Non-fiction D.B.Act.Division D.B.Act.Division 01/08/2025 Delivery of Books Act Division 600.00 307.2 URB EN-129816 1 600.00 English Books

© Delhi Public Library
Hit Counter
free hit counter